Statistics for US State Capitals by First Two Letters in 45 seconds

Click here to take the quiz!

General Stats

  • This quiz has been taken 38,397 times
  • The average score is 22 of 50

Answer Stats

State Capital City % Correct
MinnesotaSaint Paul
83%
CaliforniaSacramento
81%
UtahSalt Lake City
81%
New MexicoSanta Fe
81%
OregonSalem
81%
IowaDes Moines
64%
ColoradoDenver
64%
MassachusettsBoston
62%
IdahoBoise
62%
AlabamaMontgomery
61%
VermontMontpelier
61%
AlaskaJuneau
60%
FloridaTallahassee
59%
ArizonaPhoenix
58%
HawaiiHonolulu
56%
NebraskaLincoln
55%
ArkansasLittle Rock
55%
TexasAustin
51%
MaineAugusta
51%
GeorgiaAtlanta
51%
New YorkAlbany
50%
LouisianaBaton Rouge
48%
PennsylvaniaHarrisburg
48%
ConnecticutHartford
48%
DelawareDover
42%
OhioColumbus
42%
South CarolinaColumbia
42%
New HampshireConcord
42%
IndianaIndianapolis
39%
IllinoisSpringfield
39%
MarylandAnnapolis
38%
MichiganLansing
38%
MississippiJackson
33%
WyomingCheyenne
32%
West VirginiaCharleston
32%
KansasTopeka
31%
NevadaCarson City
30%
North DakotaBismarck
28%
KentuckyFrankfort
26%
WisconsinMadison
25%
MissouriJefferson City
25%
MontanaHelena
24%
OklahomaOklahoma City
23%
TennesseeNashville
22%
South DakotaPierre
20%
North CarolinaRaleigh
19%
WashingtonOlympia
18%
New JerseyTrenton
18%
VirginiaRichmond
16%
Rhode IslandProvidence
16%

Score Distribution

Percentile by Number Answered

Percent of People with Each Score

Your Score History

You have not taken this quiz